Комплексное планирование и организация научно-технического прогресса: научная монография; пер. с болг.

Bibliografiske detaljer
Hovedforfatter: Богданов А. Асен
Sprog:russisk
Udgivet: Москва, Прогресс, 1978
Fag:
Format: MixedMaterials Bog
KOHA link:https://koha.lib.tpu.ru/cgi-bin/koha/opac-detail.pl?biblionumber=102265

MARC

LEADER 00000nam0a2200000 4500
001 102265
005 20231101214422.0
035 |a (RuTPU)RU\TPU\book\110275 
090 |a 102265 
100 |a 20060921d1978 k y0engy50 ba 
101 1 |a rus  |c bul 
102 |a RU 
105 |a a z 000zy 
200 1 |a Комплексное планирование и организация научно-технического прогресса  |e научная монография  |e пер. с болг.  |f А. Богданов 
210 |a Москва  |c Прогресс  |d 1978 
215 |a 422 с.  |c ил. 
606 1 |a Научно-технический прогресс  |2 stltpush  |3 (RuTPU)RU\TPU\subj\45167  |9 64428 
610 1 |a управление 
610 1 |a прогнозирование 
610 1 |a планирование 
610 1 |a наука 
610 1 |a техника 
610 1 |a научно-технические достижения 
610 1 |a внедрение 
610 1 |a организация 
610 1 |a монографии 
675 |a 658.589  |v 4 
700 1 |a Богданов  |b А.  |g Асен 
801 1 |a RU  |b 63413507  |c 20060921  |g PSBO 
801 2 |a RU  |b 63413507  |c 20221209  |g PSBO 
942 |c BK